Technický projekt bázy dát pre rozpočtové plánovanie NV - metodická časť etapová úloha ŠPEV V-1/5.4.10

Salvato in:
Dettagli Bibliografici
Natura: Libro
Lingua:slovacco
Pubblicazione: Bratislava Výskumný ústav fin. a úver. sústavy 1980
Serie:Výskumné práce VP 2/81
Tags: Aggiungi Tag
Nessun Tag, puoi essere il primo ad aggiungerne!!

MARC

LEADER 00000nam a2200000 4500
001 c129610
005 20221128071337.0
041 0 |a slo 
044 |a SK 
245 1 0 |a Technický projekt bázy dát pre rozpočtové plánovanie NV - metodická časť  |b etapová úloha ŠPEV V-1/5.4.10 
264 1 |a Bratislava  |b Výskumný ústav fin. a úver. sústavy  |c 1980 
300 |a 86 s. 
490 1 |a Výskumné práce VP  |v 2/81 
830 0 |a Výskumné práce VP  |v 2/81